LEADER 00959nam0-2200289---450- 001 990008816330403321 005 20090326122554.0 010 $a88-7545-505-8 035 $a000881633 035 $aFED01000881633 035 $a(Aleph)000881633FED01 035 $a000881633 100 $a20090302d1992----km-y0itay50------ba 101 1 $aita 102 $aIT 105 $aa-------001yy 200 1 $a<>interpretazione geo-economica dei processi di terziarizzazione avanzata$eitinerari teorici e percorsi applicativi$eil caso dell'area metropolitana ligure centrale$fGiuseppe Rocca 210 $aGenova$cECIG$d1992 215 $a208 p.$cill.$d21 cm 700 1$aRocca,$bGiuseppe$f<1944- >$0313202 801 0$aIT$bUNINA$gRICA$2UNIMARC 901 $aBK 912 $a990008816330403321 952 $a074.010.ROC$b7379$fDECGE 959 $aDECGE 996 $aInterpretazione geo-economica dei processi di terziarizzazione avanzata$9806658 997 $aUNINA LEADER 01512nam--2200445---450- 001 990002869530203316 005 20070219163855.0 010 $a1-84171-992-7 035 $a000286953 035 $aUSA01000286953 035 $a(ALEPH)000286953USA01 035 $a000286953 100 $a20070215d2006----km-y0itay50------ba 101 $afre 102 $aGB 105 $a||||||||001yy 200 1 $aFont-Rase à Barbezieux et Font-Belle à Segonzac (Charente)$edeux sites du Néolithique récent saintongeais, Matignons/Peu-Richard$fpar Claude Burnez$gavec L. Bartosiewicz [et.al.] 210 $aOxford$cArchaeopress$d2006 215 $aXVI, 490 p.$cill.$d30 cm 225 2 $aBAR International series$v1562 410 0$12001$aBAR International series$v1562 454 1$12001 461 1$1001-------$12001 606 $aPeriodo Neolitico$yBarbezieux 606 $aPeriodo Neolitico$ySegonzac 676 $a936.402 700 1$aBURNEZ,$bClaude$0595897 702 1$aBARTOSIEWICZ,$bL. 801 0$aIT$bsalbc$gISBD 912 $a990002869530203316 951 $aXI.5. Coll. 12/ 199$b195913 L.M.$cXI.5.$d00121287 959 $aBK 969 $aUMA 979 $aVITALE$b90$c20070215$lUSA01$h1547 979 $aVITALE$b90$c20070215$lUSA01$h1548 979 $aVITALE$b90$c20070219$lUSA01$h1635 979 $aVITALE$b90$c20070219$lUSA01$h1635 979 $aVITALE$b90$c20070219$lUSA01$h1638 996 $aFont-Rase à Barbezieux et Font-Belle à Segonzac (Charente$9991089 997 $aUNISA